banner-ar

فلسفة التكنولوجيا مفهومها وطبيعتها / (Record no. 67678)

MARC details
000 -الفاتح
حقل البيانات ثابتة الطول 00871nam a2200229Ia 4500
005 - وقت وتاريخ اخر تعامل مع التسجيلة
رقم الضبط 20250622124037.0
008 - عناصر البيانات ثابتة الطول - معلومات عامة
حقل البيانات ثابتة الطول 250617s9999||||xx |||||||||||||| ||ara||
017 ## - رقم الايداع القانونى
رقم الايداع القانونى 15761
المصدر ( الهيئة المختصة) مصر. دار الكتب
020 ## - الرقم الدولى المعيارى للكتب
الرقم الدولى المعيارى للكتاب 9789778812428
082 04 - رقم تصنيف ديوى العشرى
رقم التصنيف 601
رقم المادة ر ف
100 0# - المدخل الرئيسى - إسم شخصى
الإسم الشخصى رحاب جاد
245 10 - بيان العنوان
العنوان فلسفة التكنولوجيا مفهومها وطبيعتها /
بيان المسئوليه,etc تأليف رحاب جاد ؛ تقديم عادل عبد السميع عوض
250 ## - بيان الطبعة
بيان الطبعة ط1
260 3# - PUBLICATION, DISTRIBUTION, ETC. (IMPRINT)
تاريخ النشر أو التوزيع 2025.
300 ## - الوصف المادى
التعداد 412ص ؛
تفاصيل ماديه اخرى للوعاء
أبعاد الوعاء 24سم.
650 ## - المدخل الاضافى بالموضوع-مصطلح موضوعى
مصطلح موضوعي التكنولوجيا
650 ## - المدخل الاضافى بالموضوع-مصطلح موضوعى
مصطلح موضوعي التكنولوجيا
التقسيم الفرعي العام خدمات المعلومات
650 ## - المدخل الاضافى بالموضوع-مصطلح موضوعى
مصطلح موضوعي التكنولوجيا
التقسيم الفرعي العام فلسفة
700 0# - المدخل الاضافى - اسم شخصى
الإسم الشخصى عادل عبد السميع عوض
الدور مقدم
942 ## - عناصر المدخل الإضافي( كوها)
Koha [default] item type كتاب
260 3# - PUBLICATION, DISTRIBUTION, ETC. (IMPRINT)
-- القاهرة :
-- "دار العلا للنشر والتوزيع,"
Holdings
حالة التراجع حالة الفقد حالة تلف ليس للاعارة المكان المؤقت الموقع الحالى موقع الترفيف تاريخ الاكتساب اجمالي اﻻعارات تاريخ اخر مشاهدة تاريخ تفعيل السعر نوع وعاء كوها
        مكتبة القاهرة الكبرى مكتبة القاهرة الكبرى القاعة الرئيسية 06/22/2025   06/22/2025 06/22/2025 كتاب

Powered By

EGPV